#MorbiusSweep - Statistics

General Stats
  • This quiz has been taken 160 times
  • The average score is 4 of 10
Answer Stats
Hint Answer % Correct
Who Plays Morbius Jared Leto
93%
What does Morbius Drink Blood
71%
What Comic Book character did Jared Leto play before Morbius Joker
68%
What MCU character appears in the post-credit scene Vulture
57%
Box Office Gross $1,000,000,000,000
40%
When was Morbius Released April 1st
31%
Who plays Loxias Crown Matt Smith
31%
Morbius 2 name? More-bius
19%
Who Directed Morbius Daniel Espinosa
14%
Morbius Nickname The Living Vampire
14%
No matching quizzes found
Score Distribution
Percent of People with Each Score
Percentile by Number Answered
Your Score History
You have not taken this quiz